Four Just For Fun (2) Quiz Stats

 Plays Quiz not verified by Sporcle

Score 0/28 Timer 01:30
0 Plays Today
% Correct
Eleven
98.2%
Thirteen
98%
Nineteen
97.4%
Seventeen
97.2%
Waltz
95.8%
Blackjack
95.6%
Poker
95.6%
Foxtrot
94.7%
Samba
94.1%
Revolver
93.9%
Pistol
93.7%
Rifle
93.7%
Shotgun
93.7%
Jive
93.3%
% Correct
Honda
93.3%
Bridge
93.1%
Mitsubishi
93.1%
Nissan
92.9%
Toyota
92.7%
The Birds
92.5%
Gin Rummy
92.1%
Rear Window
90.9%
Vivaldi
90.9%
Puccini
90.9%
Rossini
90.7%
Verdi
89.1%
Rebecca
84.2%
Marnie
77.8%

You're not logged in!

Compare scores with friends on all Sporcle quizzes.
OR
Log In

Sporcle TV

Today on Sporcle TV


Watch our educational content, quiz creation guides, and fun videos on Sporcle TV.

Show Comments

Extras

Top Quizzes Today


Score Distribution

Your Account Isn't Verified!

In order to create a playlist on Sporcle, you need to verify the email address you used during registration. Go to your Sporcle Settings to finish the process.

Report this User

Report this user for behavior that violates our Community Guidelines.

Details: